Zwycięzcy Australian Open w latach 2000-2025 - Statystyki

Ogólne statystyki
  • Ten quiz został rozwiązany 16 razy
  • Średni wynik to 24 z 26
Statystyki odpowiedzi
Lata Zwycięzcy % Poprawnych
2025 Jannik Sinner
100%
2024 Jannik Sinner
100%
2023 Novak Djokovic
100%
2021 Novak Djokovic
100%
2020 Novak Djokovic
100%
2019 Novak Djokovic
100%
2016 Novak Djokovic
100%
2015 Novak Djokovic
100%
2013 Novak Djokovic
100%
2012 Novak Djokovic
100%
2011 Novak Djokovic
100%
2008 Novak Djokovic
100%
2022 Rafael Nadal
100%
2009 Rafael Nadal
100%
2018 Roger Federer
100%
2017 Roger Federer
100%
2010 Roger Federer
100%
2007 Roger Federer
100%
2006 Roger Federer
100%
2004 Roger Federer
100%
2003 Andre Agassi
79%
2001 Andre Agassi
79%
2000 Andre Agassi
79%
2014 Stan Wawrinka
79%
2005 Marat Safin
36%
2002 Thomas Johansson
14%
Nie znaleziono quizów pasujących do podanych kryteriów
Rozkład punktacji
Procent ludzi z każdym wynikiem
Percentyl według liczby udzielonych odpowiedzi
Twoja historia wyników
Nie rozwiązałeś tego quizu